The Boston dip. (Record no. 17683)

MARC details
000 -LEADER
fixed length control field 00826cam a22002531 4500
001 - CONTROL NUMBER
control field ca 34002073
003 - CONTROL NUMBER IDENTIFIER
control field DLC
005 - DATE AND TIME OF LATEST TRANSACTION
control field 20260227111136.0
007 - PHYSICAL DESCRIPTION FIXED FIELD--GENERAL INFORMATION
fixed length control field cr_|||||||||||
008 - FIXED-LENGTH DATA ELEMENTS--GENERAL INFORMATION
fixed length control field 800703s1873 mau 000 0 eng
010 ## - LIBRARY OF CONGRESS CONTROL NUMBER
LC control number ca 34002073
035 ## - SYSTEM CONTROL NUMBER
System control number (OCoLC)6481889
040 ## - CATALOGING SOURCE
Original cataloging agency DLC
Transcribing agency TxCM
Modifying agency DLC
042 ## - AUTHENTICATION CODE
Authentication code premarc
050 00 - LIBRARY OF CONGRESS CALL NUMBER
Classification number PS1059.B22
Item number B7 1873
082 ## - DEWEY DECIMAL CLASSIFICATION NUMBER
Classification number 812.4
100 1# - MAIN ENTRY--PERSONAL NAME
Personal name Baker, George Melville,
Dates associated with a name 1832-1890.
245 14 - TITLE STATEMENT
Title The Boston dip.
Remainder of title A comedy, in one act.
Statement of responsibility, etc. By the author of "Sylvia's soldier", "Once on a time" ...
260 ## - PUBLICATION, DISTRIBUTION, ETC.
Place of publication, distribution, etc. Boston,
Name of publisher, distributor, etc. G.M. Baker & co.
Date of publication, distribution, etc. [1873]
300 ## - PHYSICAL DESCRIPTION
Extent 1 p. l., p. 215-240.
Dimensions 19 cm.
490 0# - SERIES STATEMENT
Series statement The amateur drama. [no. 5]
530 ## - ADDITIONAL PHYSICAL FORM AVAILABLE NOTE
Additional physical form available note Also available in digital form on the Internet Archive Web site.
856 41 - ELECTRONIC LOCATION AND ACCESS
Uniform Resource Identifier <a href="http://hdl.loc.gov/loc.gdc/scd0001.00157853922">http://hdl.loc.gov/loc.gdc/scd0001.00157853922</a>

No items available.

Powered by Koha